ბათუმის შოთა რუსთაველის სახელმწიფო უნივერსიტეტის ბიბლიოთეკა

Микро и Макроэкономика: (ბიბ.ჩანაწერი № 37006)

000 -LEADER
fixed length control field 01007nam a2200253Ia 4500
001 - CONTROL NUMBER
control field 2958
003 - CONTROL NUMBER IDENTIFIER
control field GE_BSU
008 - FIXED-LENGTH DATA ELEMENTS--GENERAL INFORMATION
fixed length control field 181216s||||||||xx |||||||||||||| ||und||
020 ## - INTERNATIONAL STANDARD BOOK NUMBER
International Standard Book Number 5801600078
040 ## - CATALOGING SOURCE
Transcribing agency GE_BSU
080 ## - UNIVERSAL DECIMAL CLASSIFICATION NUMBER
Universal Decimal Classification number 330.101+330.1
100 ## - MAIN ENTRY--PERSONAL NAME
Personal name В.Е. Алексеева, М.В. Арфееваа, А,В, Мешков и др.
245 ## - TITLE STATEMENT
Title Микро и Макроэкономика:
245 ## - TITLE STATEMENT
Remainder of title Задачи,упражнения, математическое обучение.Санкт- Петербурский гос. унт Республиканский гуманитарный ин-тут Кафедра Экономики и права.
250 ## - EDITION STATEMENT
Edition statement Том ll
260 ## - PUBLICATION, DISTRIBUTION, ETC.
Place of publication, distribution, etc. СПБ
260 ## - PUBLICATION, DISTRIBUTION, ETC.
Name of publisher, distributor, etc. Михаилова В.А.
260 ## - PUBLICATION, DISTRIBUTION, ETC.
Date of publication, distribution, etc. 1997
300 ## - PHYSICAL DESCRIPTION
Extent 448 ст. 25 см.
653 ## - INDEX TERM--UNCONTROLLED
Uncontrolled term Задачи,упражнения,математическое обучение.
653 ## - INDEX TERM--UNCONTROLLED
Uncontrolled term Микро и Макроэкономика:
942 ## - ADDED ENTRY ELEMENTS (KOHA)
Koha item type წიგნი
ეგზემპლარები
Withdrawn status Lost status Damaged status Not for loan Date acquired Barcode Date last seen Price effective from Koha item type Public note
        2018-12-17 7968 2018-12-17 2018-12-17 წიგნი დარბაზი